000 00310nam a22000977a 4500
008 150724b xxu||||| |||| 00| 0 eng d
010 _8HCCRSARF:038
245 _aHIGH COURT CRIMINAL SESSION ON.16 OF 1985 Uganda Vs Sipiliano Nyesigye
260 _aHigh Court Kampala
500 _3BEFORE: Hon. Mr. Justice G.M. Okello
999 _c8199
_d8199